Nhân lực khoa học và công nghệ và thực hiện đổi mới khoa học và công nghệ /
Tallennettuna:
| Yhteisötekijä: | |
|---|---|
| Aineistotyyppi: | Artikkeli |
| Kieli: | Vietnamese |
| Aiheet: | |
| Tagit: |
Lisää tagi
Ei tageja, Lisää ensimmäinen tagi!
|
| Thư viện lưu trữ: | Thư viện Trường Đại học Đà Lạt |
|---|
| LEADER | 01002nam a2200277 4500 | ||
|---|---|---|---|
| 001 | DLU100107366 | ||
| 005 | ##20100511 | ||
| 040 | # | # | |a DLU |b vie |
| 041 | # | # | |a vie |
| 044 | # | # | |a vn |
| 245 | # | # | |a Nhân lực khoa học và công nghệ và thực hiện đổi mới khoa học và công nghệ / |c Phòng phân tích thông tin trung tâm thông tin khoa học công nghệ quốc gia. |
| 653 | # | # | |a Đào tạo chuyên nghiệp |
| 653 | # | # | |a Công nghệ cao |
| 653 | # | # | |a Nguồn nhân lực |
| 653 | # | # | |a Tri thức |
| 710 | # | # | |a Phòng phân tích thông tin trung tâm thông tin khoa học công nghệ quốc gia. |
| 773 | # | # | |t Tổng luận khoa học Công nghệ Kinh tế |g Số7(246), 2008, tr. 26-40 |
| 920 | # | # | |a Phòng Tạp chí -- Trung tâm Thông tin - Thư viện Trường Đại học Đà Lạt |
| 994 | # | # | |a DLU |
| 900 | # | # | |a True |
| 911 | # | # | |a Nguyễn Thị Linh Chi |
| 925 | # | # | |a G |
| 926 | # | # | |a A |
| 927 | # | # | |a BB |
| 980 | # | # | |a Thư viện Trường Đại học Đà Lạt |